01561nam a2200277 a 4500008004100000020001500041050001500056100001800071245009000089260003100179300001300210350000900223650003500232650001700267650002200284650004100306700001800347700001900365995016300384995016300547995016300710999001700873952013100890952013101021952013101152090323s2004 ||||||||||||||||| || u a0852558600 aGN 645 ETH aBerman, Bruce10aEthnicity & democracy in Africacedited by Bruce Berman, Dickson Eyoh & Will Kymlicka aOxfordbJames Curreyc2004 axv, 363p a0.00 aPolitical anthropology--Africa aANTHROPOLOGY aDEMOCRACY--AFRICA aETHNICITY--POLITICAL ASPECTS--AFRICA aEyoh, Dickson aKymlicka, Will aMAIN LIBRARY OPEN ACCESSD0.00e739803FCBU-MAIN LIBRARY (Kitwe)H1I0.00jGN 645 ETHM2UAVAILABLEWApr 23, 2009y739803ZMain Library Open Access Collection aMAIN LIBRARY OPEN ACCESSD0.00e739804FCBU-MAIN LIBRARY (Kitwe)H1I0.00jGN 645 ETHM1UAVAILABLEWApr 23, 2009y739804ZMain Library Open Access Collection aMAIN LIBRARY OPEN ACCESSD0.00e739363FCBU-MAIN LIBRARY (Kitwe)H1I0.00jGN 645 ETHM3UAVAILABLEWApr 23, 2009y739363ZMain Library Open Access Collection c62874d62874 00102lcc4070a001b001cMain Library Open Access Collectiond2022-12-16l0oGN 645 ETHp739803r2022-12-16w2022-12-16y002 00102lcc4070a001b001cMain Library Open Access Collectiond2022-12-16l0oGN 645 ETHp739804r2022-12-16w2022-12-16y002 00102lcc4070a001b001cMain Library Open Access Collectiond2022-12-16l0oGN 645 ETHp739363r2022-12-16w2022-12-16y002